000 00537nam a2200205Ia 4500
005 20250923150057.0
008 008 250917s9999 xx 000 0 eng d
037 _aTextual
040 _aDSWL
_beng
_cDSWL
041 _aeng
_2eng
084 _qDSWL
100 _aBanu, Zenab
_9841971
245 0 _aTribal women empowerment and gender issues
_c by ZenabBanu
260 _aNew Delhi
_b Kanishka Publication
_c2001
300 _a164p.
365 _aINR
_b395
925 _g395
942 _cTEXL
999 _c1459303
_d1459303